Cities of Palm Beach County, Florida - Statistics

General Stats
  • This quiz has been taken 46 times
  • The average score is 15 of 39
Answer Stats
Answer Population % Correct
West Palm Beach 120,932
97%
Boca Raton 99,009
88%
Palm Beach 9,235
81%
Wellington 61,438
75%
Boynton Beach 80,859
72%
Jupiter 61,126
72%
Delray Beach 67,030
69%
Lake Worth Beach 43,201
56%
Palm Beach Gardens 60,175
56%
Royal Palm Beach 39,259
56%
Lantana 12,084
53%
North Palm Beach 13,083
50%
Greenacres 43,795
47%
South Palm Beach 1,456
47%
Juno Beach 3,861
41%
Riviera Beach 38,344
38%
Belle Glade 16,777
31%
Highland Beach 4,264
31%
Palm Springs 26,844
31%
Tequesta 6,112
31%
Golf 265
28%
Manalapan 421
28%
Pahokee 5,537
28%
Gulf Stream 953
25%
Mangonia Park 2,324
25%
Atlantis 2,106
22%
Briny Breezes 511
22%
Lake Clarke Shores 3,541
22%
Lake Park 8,981
22%
Loxahatchee Groves 3,424
22%
Ocean Ridge 1,831
22%
South Bay 4,853
22%
Westlake 4,255
22%
Hypoluxo 2,773
19%
Cloud Lake 135
16%
Haverhill 2,167
16%
Glen Ridge 215
13%
Palm Beach Shores 1,328
13%
Jupiter Inlet Colony 405
6%
No matching quizzes found
Score Distribution
Percent of People with Each Score
Percentile by Number Answered
Your Score History
You have not taken this quiz